ბათუმის შოთა რუსთაველის სახელმწიფო უნივერსიტეტის ბიბლიოთეკა

სახელმწიფოსა და სამართლის თეორია=Теория государство и права (ბიბ.ჩანაწერი № 49357)

000 -LEADER
fixed length control field 01370nam a2200265Ia 4500
001 - CONTROL NUMBER
control field 16274
003 - CONTROL NUMBER IDENTIFIER
control field GE_BSU
008 - FIXED-LENGTH DATA ELEMENTS--GENERAL INFORMATION
fixed length control field 181216s||||||||xx |||||||||||||| ||und||
020 ## - INTERNATIONAL STANDARD BOOK NUMBER
International Standard Book Number ISBN 978-99940-985-4-5
040 ## - CATALOGING SOURCE
Transcribing agency GE_BSU
080 ## - UNIVERSAL DECIMAL CLASSIFICATION NUMBER
Universal Decimal Classification number 340.1+321.01
100 ## - MAIN ENTRY--PERSONAL NAME
Personal name ივანოვი, ა.ა.
245 ## - TITLE STATEMENT
Title სახელმწიფოსა და სამართლის თეორია=Теория государство и права
245 ## - TITLE STATEMENT
Remainder of title უმაღლ. სასწ. დაწეს. სტუდ
245 ## - TITLE STATEMENT
Statement of responsibility, etc. რედ.: ნოდარ ერიაშვილი (მთ. რედ.), სერგო ბარამიძე
260 ## - PUBLICATION, DISTRIBUTION, ETC.
Place of publication, distribution, etc. თბილისი
260 ## - PUBLICATION, DISTRIBUTION, ETC.
Name of publisher, distributor, etc. სამართლიანი საქართველო
260 ## - PUBLICATION, DISTRIBUTION, ETC.
Date of publication, distribution, etc. 2009
300 ## - PHYSICAL DESCRIPTION
Extent 190გვ, 21სმ.
300 ## - PHYSICAL DESCRIPTION
Other physical details ბიბლიოგრ.: გვ. 181-183.
653 ## - INDEX TERM--UNCONTROLLED
Uncontrolled term - სახელმწიფოს თეორია - სახელმძღვანელოები უმაღლესი სასწავლებლებისათვის; სამართლის თეორია - სახელმძღვანელოები უმაღლესი სასწავლებლებისათვის;
653 ## - INDEX TERM--UNCONTROLLED
Uncontrolled term სამართალი
942 ## - ADDED ENTRY ELEMENTS (KOHA)
Koha item type წიგნი
ეგზემპლარები
Withdrawn status Lost status Damaged status Not for loan Date acquired Barcode Date last seen Price effective from Koha item type
        2018-12-17 40739 2018-12-17 2018-12-17 წიგნი
        2018-12-17 40740 2018-12-17 2018-12-17 წიგნი